01155 2200205 4500001002100000005001500021008004100036020001800077035001900095082001100114084001700125100001800142245002100160250000900181260003700190300002700227500002600254520062600280650004300906INLIS00000000000047420200508201006200508||||||||| | ||| |||| ||  a0-7645-5743-2 0010-05200004740 a005.13 a005.13/XXX/J0 aDanny Goodman00aJavascript bible ake-5 aIndianapolisbMc Graw Hillc2004 axxviii, 1236 p.c24 cm aIndeks : p. 1147-1236 aThis new edition of the definitive guide to JavaScript has been revamped to cover the latest browsers, language updates, extensions, and JavaScript standards. Part tutorial and part reference, the book serves as a learning tool for building new JavaScript skills and a detailed reference for seasoned JavaScript developers. Danny Goodman's exclusive interactive workbench, The Evaluator, makes it easy to master JavaScript and DOM concepts. Offers deployment strategies that best suit the user's content goals and target audience. Bonus CD-ROM is packed with advanced content for the reader who wants to go an extra step. 0aJavaScript (Computer program language)